=LDR 00000nam 2200000 4500 =001 INLIS000000000040020 =005 20130612145617 =008 ***********************************ind** =035 ##$$0010-061300000040020 =041 ##$$a ind =082 ##$$a 813 =100 ##$$a Robb, JD =245 ##$$a immortal in death:abadi dalam kematian =260 ##$$a gramedia $b jakarta =300 ##$$a 472 hlm =850 ##$$a NBPNMAT